000 00861nam2a2200241 4500
001 RU\NLR\BIBL_A\011861657
005 20250626141522.0
010 _91000
035 _a(NLR Aleph) 011861657
090 _a13419179
_c13419179
100 _a20181113d1937 |||y0rusy50 ca
101 0 _amyv
102 _aRU
105 _ay z 000 y
200 0 _aП. 2
_fэрз. сёрмадызе А. Зиньков
205 _a2-це нолдавкс
210 _d1937
_aБ. м.
215 _a218, [1] c.
_cтабл.
461 0 _1001RU\NLR\BIBL_A\011861344
_12001#$aАлгебра$eаволь полн. сред. ды сред. шк. 6-7 кл. тонавтнема кн.$fА. Киселев$gэрз. сёрмадызе Т. М. Годяев$vП. 2
_1700#1$aКиселев$bА.$4070
852 _aNLR
_bОНЛ
_jМорд.э./3-252
942 _cBOOK
980 _aNB